Impacts and vibrations : principles of mechanics and mitigation /

Hlavní autor: Menčík, Jaroslav
Jazyk: Angličtina
Vydáno: Pardubice : University of Pardubice, 2018
Vydání: Edition: first
Témata:
Fyzický popis: 130 stran : ilustrace ; 24 cm
Language note: Anglické a české resumé
Knihy
Uloženo v:
LEADER 01744nam a2200517 i 4500
001 nkc20183044543
003 CZ PrNK
005 20181213093622.0
007 ta
008 181009s2018 xr a f 001 0 eng
015 |a cnb003044543 
020 |a 978-80-7560-165-0  |q (brožováno) 
035 |a (OCoLC)1081364473 
040 |a BOA001  |b cze  |d ABA001  |e rda 
041 0 |a eng  |b cze  |b eng 
072 7 |a 531  |x Obecná mechanika. Mechanika pevných a tuhých těles  |2 Konspekt  |9 6 
080 |a 531.43/.46:539.3  |2 MRF 
080 |a 534.1  |2 MRF 
080 |a 62-752.2  |2 MRF 
080 |a (048.8)  |2 MRF 
100 1 |a Menčík, Jaroslav  |7 ola2005284362  |4 aut 
245 1 0 |a Impacts and vibrations :  |b principles of mechanics and mitigation /  |c Jaroslav Menčík 
250 |a Edition: first 
264 1 |a Pardubice :  |b University of Pardubice,  |c 2018 
300 |a 130 stran :  |b ilustrace ;  |c 24 cm 
336 |a text  |b txt  |2 rdacontent 
337 |a bez média  |b n  |2 rdamedia 
338 |a svazek  |b nc  |2 rdacarrier 
500 |a 20 výtisků 
504 |a Obsahuje bibliografické odkazy a rejstřík 
546 |a Anglické a české resumé 
650 0 7 |a kontaktní mechanika  |7 ph694880  |2 czenas 
650 0 7 |a vibrace  |7 ph127091  |2 czenas 
650 0 7 |a tlumení vibrací  |7 ph151468  |2 czenas 
650 0 9 |a contact mechanics  |2 eczenas 
650 0 9 |a vibration  |2 eczenas 
650 0 9 |a vibration damping  |2 eczenas 
653 0 |a ráz těles 
655 7 |a monografie  |7 fd132842  |2 czenas 
655 9 |a monographs  |2 eczenas 
910 2 |a BOA001  |b 2-1418.017 
928 9 |a Univerzita Pardubice 
990 |a BK 
995 |a 01 
991 |b 201811  |c NOV 
996 6 |b 2610760732  |c 2-1418.017  |l MZK  |r Sklad / do 1 hodiny  |n 0  |p p.v.  |w 001694864  |u 000010  |a 1  |e BOA001  |j MZK50  |s P